Southville International School and Colleges
Your cart is empty.
  • Cart
  • Lists
    Public lists Eva Luna New books Lux_list list_1
    Your lists Log in to create your own lists
  • Log in to your account
  • Your cookies
  • Search history
Southville International School and Colleges
  • Advanced search
  • Recent comments
  • Most popular
  • Libraries

Log in to your account

Log in with GOOGLE


If you do not have an external account, but do have a local account, you can still log in:

  1. Home
  2. MARC view: Focus on pathophysiology /
Normal view MARC view ISBD view

Focus on pathophysiology / (Record no. 21314)

[ view plain ]
MARC details
000 -LEADER
fixed length control field 00559nam a2200193 a 4500
005 - DATE AND TIME OF LATEST TRANSACTION
control field 20140310183318.0
008 - FIXED-LENGTH DATA ELEMENTS--GENERAL INFORMATION
fixed length control field 051124s19uu xx 00 eng d
020 ## - INTERNATIONAL STANDARD BOOK NUMBER
International Standard Book Number 0781795923
050 ## - LIBRARY OF CONGRESS CALL NUMBER
Classification number RB 113
Item number .F63 2000
245 ## - TITLE STATEMENT
Title Focus on pathophysiology /
Statement of responsibility, etc Barbara L. Bullock and Reet L. Henze.
260 ## - PUBLICATION, DISTRIBUTION, ETC. (IMPRINT)
Place of publication, distribution, etc Philadelphia :
Name of publisher, distributor, etc Lippincott Williams and Wilkins,
Date of publication, distribution, etc 2000.
300 ## - PHYSICAL DESCRIPTION
Extent xxviii, 1231 p. :
Other physical details ill. ;
Dimensions 25 cm.
521 ## - TARGET AUDIENCE NOTE
Target audience note
650 ## - SUBJECT ADDED ENTRY--TOPICAL TERM
Topical term or geographic name as entry element Pathology.
650 ## - SUBJECT ADDED ENTRY--TOPICAL TERM
Topical term or geographic name as entry element Physiology.
700 ## - ADDED ENTRY--PERSONAL NAME
Personal name Henze, Reet L.
942 ## - ADDED ENTRY ELEMENTS (KOHA)
Koha item type Books
Source of classification or shelving scheme Library of Congress Classification
Call number prefix Foreign
Holdings
Withdrawn status Lost status Source of classification or shelving scheme Damaged status Home library Current library Shelving location Date acquired Source of acquisition Cost, normal purchase price Total Checkouts Total Renewals Full call number Barcode Date last seen Date checked out Copy number Price effective from Koha item type
    Library of Congress Classification   College Library College Library General Circulation Section 11/24/2005   695.00 1 18 RB 113 .F63 2000 C6535 05/15/2018 07/15/2014 1 10/10/2013 Books

Focus on pathophysiology /

APA

Henze R. L., . (2000). Focus on pathophysiology. Philadelphia: Lippincott Williams and Wilkins.

Chicago

Henze Reet L, . 2000. Focus on pathophysiology. Philadelphia: Lippincott Williams and Wilkins.

Harvard

Henze R. L., . (2000). Focus on pathophysiology. Philadelphia: Lippincott Williams and Wilkins.

MLA

Henze Reet L, . Focus on pathophysiology. Philadelphia: Lippincott Williams and Wilkins. 2000.

  • Place hold
  • Print
  • Cite
  • Add to your cart (remove)
  • Save record
    BIBTEX Dublin Core MARCXML MARC (non-Unicode/MARC-8) MARC (Unicode/UTF-8) MARC (Unicode/UTF-8, Standard) MODS (XML) RIS
  • More searches
    Search for this title in:
    Other Libraries (WorldCat) Other Databases (Google Scholar) Online Stores (Bookfinder.com) Open Library (openlibrary.org)

Exporting to Dublin Core...

SOUTHVILLE LIBRARY

Southville International School and Colleges Library

1281 Tropical Ave. Cor. Luxembourg St., BF Homes International, Las Pinas City

Tel. No. 8256374 / 252358 Loc. 117/146

Powered by Koha